000 00969nam a2200181 a 4500
008 120416s1974 ||||||||||||||||| || u
050 _aHD 31 Dru
100 _aDrucker, Peter F
245 1 0 _aManagement: tasks, responsibilities practices
260 _aLondon:
_bHeinemann
_c1974
350 _a0.00
650 0 _aMANAGEMENT
650 _aMANAGEMENT--TASKS
995 _aBINDERY (DAMAGED)
_D0.00
_e723373
_FCBU-MAIN LIBRARY (Kitwe)
_H1
_I0.00
_jHD 31 Dru
_M1
_UDAMAGED
_y000434
_ZMain Library Open Access Collection
995 _aMAIN LIBRARY OPEN ACCESS
_D0.00
_e702830
_FCBU-MAIN LIBRARY (Kitwe)
_H7
_I0.00
_jHD 31 Dru
_M4
_ULOST
_y702830
_ZMain Library Open Access Collection
995 _aBINDERY (DAMAGED)
_D0.00
_e705498
_FCBU-MAIN LIBRARY (Kitwe)
_H4
_I0.00
_jHD 31 Dru
_M3
_UDAMAGED
_y026833
_ZMain Library Open Access Collection
995 _aMAIN LIBRARY OPEN ACCESS
_D0.00
_e700184
_FCBU-MAIN LIBRARY (Kitwe)
_H2
_I0.00
_jHD 31 Dru
_M2
_UAVAILABLE
_y021804
_ZMain Library Open Access Collection
999 _c82484
_d82484